[Event "XLIX Festival A"]
[Site "Imperia ITA"]
[Date "2007.09.03"]
[Round "2"]
[White "Gervasio, Francesco"]
[Black "Mozny, Milos"]
[WhiteElo "2055"]
[BlackElo "2373"]
[Result "0-1"]
[PlyCount "62"]
[EventDate "2007.09.02"]

1. e4 c5 2. Nf3 e6 3. d4 cxd4 4. Nxd4 Nf6 5. Bd3 Nc6 6. Nb3 d5 7. exd5 exd5 8.
O-O Bd6 9. Re1+ Be6 10. c3 h6 11. N1d2 O-O 12. Nf1 Ne5 13. Be2 Ne4 14. Nd4 Qh4
15. Be3 a6 16. Nf3 Nxf3+ 17. Bxf3 f5 18. c4 Bb4 19. g3 Qe7 20. Bd2 dxc4 21.
Bxe4 fxe4 22. Rxe4 Bxd2 23. Qxd2 Qf7 24. Qe3 Bd5 25. Re7 Qf6 26. Rd1 Rad8 27.
Rd4 b5 28. f4 Bf7 29. Rd2 Rxd2 30. Nxd2 Qxb2 31. Nf3 Rd8 0-1

[Event "XLIX Festival A"]
[Site "Imperia ITA"]
[Date "2007.09.03"]
[Round "2"]
[White "Lenz, Alarich"]
[Black "Sulava, Nenad"]
[WhiteElo "2207"]
[BlackElo "2544"]
[Result "0-1"]
[PlyCount "72"]
[EventDate "2007.09.02"]

1. c4 e6 2. d4 Bb4+ 3. Bd2 a5 4. Nf3 Nf6 5. g3 O-O 6. Bg2 b6 7. O-O Ba6 8. a3
Be7 9. Qc2 c6 10. b3 d5 11. Ne5 Nfd7 12. Nxd7 Nxd7 13. Nc3 Rc8 14. cxd5 cxd5
15. Rfe1 f5 16. Qb2 Kh8 17. Rac1 Bd6 18. Nb1 Nf6 19. Rxc8 Qxc8 20. b4 Qd8 21.
b5 Bc8 22. Rc1 Bd7 23. Bf4 Bxf4 24. gxf4 Nh5 25. e3 g5 26. Qe2 Be8 27. Nd2 gxf4
28. exf4 Qf6 29. Qe5 Qxe5 30. fxe5 Nf4 31. Bf3 Rg8+ 32. Kh1 Nh3 33. Bg2 Nxf2+
34. Kg1 Nh3+ 35. Kh1 Nf2+ 36. Kg1 Nd3 0-1

[Event "XLIX Festival A"]
[Site "Imperia ITA"]
[Date "2007.09.03"]
[Round "2"]
[White "Morselli, Stefano"]
[Black "Froeschl, Felix"]
[WhiteElo "1860"]
[BlackElo "2191"]
[Result "0-1"]
[PlyCount "56"]
[EventDate "2007.09.02"]

1. Nf3 d5 2. g3 Bg4 3. Bg2 Nd7 4. d3 e6 5. Nbd2 Bd6 6. O-O c6 7. Qe1 Ne7 8. e4
Rc8 9. Qe3 Bb8 10. h3 Bxf3 11. Nxf3 O-O 12. Bd2 Re8 13. e5 c5 14. c3 Nf5 15.
Qe2 Qb6 16. Kh2 Qa6 17. g4 Ne7 18. Bf4 f5 19. gxf5 Nxf5 20. c4 dxc4 21. dxc4
Nf8 22. Rfd1 Ng6 23. Ng5 Nxf4 24. Qg4 Nxg2 25. Qh5 Bxe5+ 26. Kh1 Bd4 27. Qf7+
Kh8 28. Qh5 Nh6 0-1

[Event "XLIX Festival A"]
[Site "Imperia ITA"]
[Date "2007.09.03"]
[Round "2"]
[White "Pedemonte, Claudio"]
[Black "Bertino, Paolo"]
[WhiteElo "1915"]
[BlackElo "2103"]
[Result "0-1"]
[PlyCount "64"]
[EventDate "2007.09.02"]

1. c4 e5 2. g3 Nc6 3. Bg2 g6 4. Nc3 Bg7 5. e4 d6 6. Nge2 h5 7. h3 Be6 8. d3 Qd7
9. Nd5 h4 10. g4 f5 11. f3 O-O-O 12. Qa4 Kb8 13. O-O Rf8 14. Ne3 Nh6 15. exf5
gxf5 16. b4 fxg4 17. fxg4 e4 18. Rb1 Nxg4 19. b5 Nd4 20. Rb2 Rxf1+ 21. Nxf1
Nf3+ 22. Bxf3 exf3 23. hxg4 Bxb2 24. Bxb2 fxe2 25. Bd4 b6 26. Qb4 exf1=Q+ 27.
Kxf1 Rf8+ 28. Kg2 Bxg4 29. a4 Qf5 30. Qe1 h3+ 31. Kg1 Qf3 32. Qd2 Qg3+ 0-1

[Event "XLIX Festival A"]
[Site "Imperia ITA"]
[Date "2007.09.03"]
[Round "2"]
[White "Pesce, Gabriele"]
[Black "Spinelli, Doriano"]
[WhiteElo "2000"]
[BlackElo "2155"]
[Result "1-0"]
[PlyCount "33"]
[EventDate "2007.09.02"]

1. e4 d5 2. exd5 Nf6 3. d4 Bg4 4. Be2 Bxe2 5. Qxe2 Qxd5 6. Nf3 e6 7. c4 Qh5 8.
Nc3 Bb4 9. a3 Bxc3+ 10. bxc3 O-O 11. Bg5 Nbd7 12. Bxf6 Nxf6 13. Rb1 Qa5 14. O-O
Rab8 15. Qe5 Qxc3 16. Qxc7 Rfc8 17. Rxb7 1-0

[Event "XLIX Festival A"]
[Site "Imperia ITA"]
[Date "2007.09.03"]
[Round "2"]
[White "Stoppa, Omar"]
[Black "Di Paolo, Raffaele"]
[WhiteElo "2226"]
[BlackElo "2357"]
[Result "0-1"]
[PlyCount "62"]
[EventDate "2007.09.02"]

1. e4 e6 2. d4 d5 3. Nd2 c5 4. Ngf3 Nf6 5. e5 Nfd7 6. c3 Nc6 7. Bd3 Be7 8. O-O
g5 9. h3 h5 10. c4 cxd4 11. cxd5 Ndxe5 12. Nxe5 Nxe5 13. Bb5+ Bd7 14. Bxd7+
Qxd7 15. dxe6 fxe6 16. Ne4 Nf7 17. f4 g4 18. h4 Nh6 19. Bd2 Nf5 20. Bb4 d3 21.
Bxe7 Qd4+ 22. Kh1 Qxe4 23. Re1 Ng3+ 24. Kh2 Ne2 25. Bg5 Rc8 26. Qb3 d2 27. Rxe2
Qxe2 28. Rd1 O-O 29. Rxd2 Qc4 30. Qxb7 Rxf4 31. g3 Rf7 0-1

[Event "XLIX Festival A"]
[Site "Imperia ITA"]
[Date "2007.09.03"]
[Round "2"]
[White "Tomassoni, Leonardo"]
[Black "Raineri, Valerio"]
[WhiteElo "1987"]
[BlackElo "2108"]
[Result "1/2-1/2"]
[PlyCount "51"]
[EventDate "2007.09.02"]

1. e4 e5 2. Nf3 Nc6 3. Bc4 Bc5 4. O-O d6 5. h3 h6 6. c3 Qe7 7. d4 Bb6 8. b4 Nf6
9. a4 a6 10. Ba3 O-O 11. b5 axb5 12. axb5 Na5 13. Bd3 Nd7 14. Nbd2 c5 15. bxc6
bxc6 16. Nc4 Nxc4 17. Bxc4 c5 18. Bd5 Rb8 19. Qd3 exd4 20. cxd4 cxd4 21. Nxd4
Ne5 22. Nc6 Nxc6 23. Bxc6 Rd8 24. Rad1 Bc7 25. Bd5 Be6 26. Kh1 1/2-1/2

[Event "XLIX Festival A"]
[Site "Imperia ITA"]
[Date "2007.09.04"]
[Round "3"]
[White "Bertino, Paolo"]
[Black "Stoppa, Omar"]
[WhiteElo "2103"]
[BlackElo "2226"]
[Result "1/2-1/2"]
[PlyCount "40"]
[EventDate "2007.09.02"]

1. d4 e6 2. Nf3 b6 3. Bf4 Bb7 4. Nbd2 Nf6 5. e3 Be7 6. Bd3 O-O 7. c3 d6 8. Qe2
c5 9. e4 cxd4 10. cxd4 Nc6 11. a3 Nxd4 12. Nxd4 e5 13. Be3 exd4 14. Bxd4 d5 15.
e5 Bc5 16. Nb3 Nd7 17. O-O Re8 18. f4 a5 19. a4 Qe7 20. Rf3 g6 1/2-1/2

[Event "XLIX Festival A"]
[Site "Imperia ITA"]
[Date "2007.09.04"]
[Round "3"]
[White "Cugini, Verter"]
[Black "Likavsky, Tomas"]
[WhiteElo "2199"]
[BlackElo "2494"]
[Result "1/2-1/2"]
[PlyCount "120"]
[EventDate "2007.09.02"]

1. e4 c5 2. g3 Nc6 3. Bg2 g6 4. Ne2 Bg7 5. O-O d6 6. d3 e5 7. Nbc3 Nge7 8. Bg5
h6 9. Be3 Nd4 10. Qd2 Bg4 11. f3 Be6 12. f4 Qd7 13. Rf2 h5 14. fxe5 dxe5 15.
Bg5 O-O-O 16. Nd5 Nxd5 17. Bxd8 Qxd8 18. Nxd4 cxd4 19. exd5 Bxd5 20. Bxd5 Qxd5
21. c4 Qe6 22. Qa5 Kb8 23. Qd5 Qxd5 24. cxd5 f5 25. Rc2 Rd8 26. Rc5 Bf8 27. Rc4
Bh6 28. Rc5 e4 29. Rd1 Be3+ 30. Kf1 Rd6 31. Ke2 b6 32. Rc6 Rxc6 33. dxc6 Kc7
34. b4 Kxc6 35. a4 Kd5 36. h4 a6 37. Ra1 exd3+ 38. Kxd3 Bf2 39. Rc1 Bxg3 40.
Rc4 f4 41. Rxd4+ Ke5 42. Rd8 Bxh4 43. Ra8 Bf2 44. Rxa6 f3 45. a5 bxa5 46. b5 g5
47. b6 Bxb6 48. Rxb6 Kf4 49. Kd2 Kg3 50. Ke1 Kg2 51. Rb2+ Kg1 52. Rf2 g4 53.
Rf1+ Kg2 54. Rf2+ Kh3 55. Kf1 g3 56. Ra2 Kg4 57. Rxa5 h4 58. Ra4+ Kg5 59. Ra5+
Kg4 60. Ra4+ Kg5 1/2-1/2

[Event "XLIX Festival A"]
[Site "Imperia ITA"]
[Date "2007.09.04"]
[Round "3"]
[White "De Santis, Alessio"]
[Black "Hamberger, Hermann"]
[WhiteElo "2345"]
[BlackElo "2126"]
[Result "1-0"]
[PlyCount "79"]
[EventDate "2007.09.02"]

1. d4 Nf6 2. c4 c5 3. d5 e6 4. Nc3 exd5 5. cxd5 Bd6 6. g3 Bc7 7. Bg2 d6 8. Nf3
a6 9. a4 O-O 10. O-O Nbd7 11. Nd2 Rb8 12. h3 Re8 13. e4 Nf8 14. f4 b5 15. Qc2
Ng6 16. Kh2 Bd7 17. axb5 axb5 18. b3 h5 19. Bb2 h4 20. g4 Bxg4 21. hxg4 Nxg4+
22. Kh3 Qd7 23. f5 Ne3 24. Qd3 Nxf1 25. Rxf1 c4 26. bxc4 Ne5 27. Qc2 bxc4 28.
Ne2 Rxb2 29. Qxb2 Qe7 30. Qc3 Qg5 31. Kh2 Ng4+ 32. Kh1 Ne3 33. Rg1 Ng4 34. Bf3
Nf2+ 35. Kh2 Qh6 36. f6 g6 37. Qxc4 Bd8 38. Qd4 Bxf6 39. Qxf6 Qxd2 40. Bh5 1-0

[Event "XLIX Festival A"]
[Site "Imperia ITA"]
[Date "2007.09.04"]
[Round "3"]
[White "Di Paolo, Raffaele"]
[Black "Poloch, Petr"]
[WhiteElo "2357"]
[BlackElo "2308"]
[Result "1/2-1/2"]
[PlyCount "34"]
[EventDate "2007.09.02"]

1. e4 c5 2. Nf3 e6 3. d4 cxd4 4. Nxd4 Nf6 5. Nc3 d6 6. Be2 a6 7. O-O Nbd7 8. f4
b5 9. Bf3 Bb7 10. a3 Qc7 11. Kh1 Be7 12. Qe1 Rb8 13. Qg3 O-O 14. Nd5 Nxd5 15.
exd5 Bf6 16. dxe6 Bxd4 17. exd7 Qxc2 1/2-1/2

[Event "XLIX Festival A"]
[Site "Imperia ITA"]
[Date "2007.09.04"]
[Round "3"]
[White "Froeschl, Felix"]
[Black "Isonzo, David"]
[WhiteElo "2191"]
[BlackElo "2356"]
[Result "1/2-1/2"]
[PlyCount "41"]
[EventDate "2007.09.02"]

1. d4 Nf6 2. c4 g6 3. Nc3 Bg7 4. e4 O-O 5. Be2 c5 6. d5 d6 7. Nf3 e6 8. O-O
exd5 9. exd5 Re8 10. h3 Ne4 11. Nxe4 Rxe4 12. Bd3 Re8 13. Rb1 Na6 14. a3 Nc7
15. Bf4 b5 16. b3 a5 17. Qd2 a4 18. b4 bxc4 19. Bxc4 cxb4 20. Rxb4 Re4 21. Ba2
1/2-1/2

[Event "XLIX Festival A"]
[Site "Imperia ITA"]
[Date "2007.09.04"]
[Round "3"]
[White "Gioseffi, Massimiliano"]
[Black "Gervasio, Francesco"]
[WhiteElo "2014"]
[BlackElo "2055"]
[Result "1-0"]
[PlyCount "103"]
[EventDate "2007.09.02"]

1. d4 Nf6 2. Nf3 d6 3. c4 g6 4. Nc3 Bg7 5. g3 Nbd7 6. Bg2 c6 7. O-O O-O 8. h3
a5 9. Re1 e5 10. e4 Qc7 11. Be3 Re8 12. Rb1 exd4 13. Nxd4 Nc5 14. Qc2 h6 15.
Rbd1 Kh7 16. b3 Bd7 17. a3 Rac8 18. Rd2 Rcd8 19. Red1 Ne6 20. Nxe6 Bxe6 21. Bf4
Bf8 22. c5 Nd7 23. cxd6 Qb6 24. Rb1 Bg7 25. Na4 Qb5 26. Bf3 Qa6 27. Kg2 Qa8 28.
Nc5 Qb8 29. Nxd7 Bxd7 30. Rbd1 Be5 31. Bxe5 Rxe5 32. Qc3 Rde8 33. Kh2 Qd8 34.
Bg2 f6 35. f4 R5e6 36. b4 axb4 37. axb4 Qb6 38. Ra1 Rb8 39. Qc5 Qd8 40. Ra7 Kg7
41. Rd4 h5 42. h4 Re8 43. Rd2 Be6 44. Qxc6 Qd7 45. Qxd7+ Bxd7 46. Rc2 Kf8 47.
Rc5 Bc6 48. e5 Bxg2 49. Kxg2 fxe5 50. fxe5 Kf7 51. Kf3 Ke6 52. Ke4 1-0

[Event "XLIX Festival A"]
[Site "Imperia ITA"]
[Date "2007.09.04"]
[Round "3"]
[White "Jurek, Josef"]
[Black "Lacrosse, Marc"]
[WhiteElo "2350"]
[BlackElo "2301"]
[Result "1/2-1/2"]
[PlyCount "39"]
[EventDate "2007.09.02"]

1. Nf3 d5 2. g3 Bg4 3. Bg2 Nd7 4. O-O c6 5. d3 Ngf6 6. h3 Bxf3 7. Bxf3 e5 8.
Nc3 Bc5 9. e4 dxe4 10. Nxe4 Nxe4 11. Bxe4 O-O 12. Qe2 f5 13. Bf3 Qf6 14. Be3
Rae8 15. Rae1 Qd6 16. Kh2 Nf6 17. Qd2 Re7 18. Qc3 Bxe3 19. Rxe3 Nd5 20. Qb3
1/2-1/2

[Event "XLIX Festival A"]
[Site "Imperia ITA"]
[Date "2007.09.04"]
[Round "3"]
[White "Malano, Francesco"]
[Black "Tomassoni, Leonardo"]
[WhiteElo "1980"]
[BlackElo "1987"]
[Result "1-0"]
[PlyCount "91"]
[EventDate "2007.09.02"]

1. Nf3 Nf6 2. b3 d6 3. d4 Bf5 4. Bb2 c6 5. g3 Na6 6. Bg2 h6 7. O-O e6 8. Nbd2
Be7 9. Re1 d5 10. Ne5 O-O 11. a3 Nc7 12. c4 Nd7 13. Ndf3 f6 14. Nxd7 Qxd7 15.
c5 Rab8 16. b4 b6 17. cxb6 Rxb6 18. Qd2 Rfb8 19. Ra2 Nb5 20. Qc1 Bg6 21. Nd2
Kh7 22. Nb3 Nd6 23. Nc5 Qc8 24. Bh3 f5 25. Qc3 Bf6 26. e3 Qe8 27. Bf1 Nf7 28.
f4 Nd6 29. Rc1 Rc8 30. Qc2 Bh5 31. Bc3 Bf3 32. Bg2 Bh5 33. Bf1 Bf3 34. Bg2 Bh5
35. Qf2 Qf7 36. Bf1 Be7 37. Qg2 g5 38. Nd7 Nc4 39. Bxc4 dxc4 40. Nxb6 axb6 41.
a4 Qf8 42. b5 Be8 43. Qb2 cxb5 44. axb5 Bh5 45. Ra7 Kg6 46. Qg2 1-0

[Event "XLIX Festival A"]
[Site "Imperia ITA"]
[Date "2007.09.04"]
[Round "3"]
[White "Mela, Riccardo"]
[Black "Morselli, Stefano"]
[WhiteElo "2044"]
[BlackElo "1860"]
[Result "1-0"]
[PlyCount "109"]
[EventDate "2007.09.02"]

1. e4 g6 2. d4 Bg7 3. Nf3 d6 4. Be2 Nf6 5. Nc3 O-O 6. O-O c6 7. h3 b5 8. a3 Bb7
9. Be3 Nbd7 10. e5 dxe5 11. dxe5 Ne8 12. e6 fxe6 13. Ng5 Nc7 14. Bg4 Rf5 15.
Bxf5 exf5 16. Qd2 Qe8 17. Rad1 Ne5 18. Bf4 Nd5 19. Nxd5 cxd5 20. Qe2 Nf7 21.
Nxf7 Kxf7 22. Rfe1 Rc8 23. Qe6+ Kf8 24. c3 h6 25. Be5 Bxe5 26. Qxe5 Rc4 27.
Qh8+ Kf7 28. Qxh6 Re4 29. Rxe4 dxe4 30. h4 Bc6 31. h5 Kf6 32. Qxg6+ Qxg6 33.
hxg6 Kxg6 34. g3 Kf6 35. Rd8 Ke6 36. Kf1 a5 37. Ke2 a4 38. Ke3 Ke5 39. Rc8 Kd6
40. Rd8+ Ke5 41. Rc8 Kd6 42. c4 bxc4 43. Kd4 e5+ 44. Kxc4 f4 45. gxf4 exf4 46.
Kd4 Bb7 47. Rb8 Bc6 48. Rf8 e3 49. fxe3 fxe3 50. Kxe3 Kc5 51. Kd3 Kb5 52. Rf5+
Ka6 53. Kc4 Be4 54. Re5 Bc2 55. Kb4 1-0

[Event "XLIX Festival A"]
[Site "Imperia ITA"]
[Date "2007.09.04"]
[Round "3"]
[White "Mercandelli, Claudio"]
[Black "Faraci, Antonino"]
[WhiteElo "1993"]
[BlackElo "2051"]
[Result "1-0"]
[PlyCount "85"]
[EventDate "2007.09.02"]

1. c4 c5 2. g3 Nc6 3. Bg2 Nf6 4. Nc3 e6 5. Nf3 Be7 6. O-O O-O 7. h3 a6 8. d4
cxd4 9. Nxd4 Qc7 10. Nxc6 dxc6 11. Be3 b6 12. Rc1 Rb8 13. c5 b5 14. Bg5 Bd7 15.
Ne4 e5 16. Bxf6 gxf6 17. Qd2 f5 18. Nd6 Be6 19. Rfd1 Rbd8 20. e4 fxe4 21. Qh6
f6 22. Bxe4 Bxd6 23. cxd6 Qf7 24. Rxc6 Rd7 25. Rxa6 Rfd8 26. Ra8 Rxa8 27. Bxa8
Bxa2 28. Bc6 Rd8 29. Qd2 Bb3 30. Ra1 Bc4 31. d7 Kg7 32. Ra8 Qf8 33. Rxd8 Qxd8
34. Qd6 Kf7 35. Bd5+ Bxd5 36. Qxd5+ Ke7 37. Qxb5 Qxd7 38. Qxd7+ Kxd7 39. g4 Kd6
40. Kg2 Kd5 41. Kf3 Kd4 42. h4 h6 43. b4 1-0

[Event "XLIX Festival A"]
[Site "Imperia ITA"]
[Date "2007.09.04"]
[Round "3"]
[White "Mozny, Milos"]
[Black "Del Dotto, Riccardo"]
[WhiteElo "2373"]
[BlackElo "2168"]
[Result "1/2-1/2"]
[PlyCount "106"]
[EventDate "2007.09.02"]

1. d4 d5 2. Nf3 c6 3. c4 Nf6 4. cxd5 cxd5 5. Nc3 Nc6 6. Bf4 a6 7. e3 Bg4 8. Bd3
e6 9. a3 Bd6 10. Bg3 O-O 11. Rc1 Rc8 12. O-O Bxg3 13. hxg3 Na5 14. b4 Nc4 15.
Bxc4 Rxc4 16. Na4 a5 17. Nb2 Rxc1 18. Qxc1 Bxf3 19. gxf3 axb4 20. axb4 Qd7 21.
Nd3 Rc8 22. Qa3 Ne8 23. Ra1 Nd6 24. Qa5 h6 25. Qb6 Qc6 26. Qxc6 Rxc6 27. Ra8+
Rc8 28. Ra7 Rc4 29. b5 Nxb5 30. Rxb7 Nd6 31. Rd7 Ne8 32. Nc5 g6 33. Kg2 Nf6 34.
Ra7 h5 35. Nd3 Ne8 36. Ra8 Kf8 37. Nc5 Ke7 38. Ra7+ Kf8 39. g4 hxg4 40. fxg4
Nf6 41. f3 g5 42. Kf2 Rc1 43. Nd3 Rc2+ 44. Ke1 Ne8 45. Nc5 Nf6 46. Kd1 Rh2 47.
Nd3 Ng8 48. Ne5 Ne7 49. Nd3 Ng6 50. Ke1 Ne7 51. Ne5 Rb2 52. Nd7+ Kg7 53. Ne5
Kf8 1/2-1/2

[Event "XLIX Festival A"]
[Site "Imperia ITA"]
[Date "2007.09.04"]
[Round "3"]
[White "Payen, Arnaud"]
[Black "Ricca, Giorgio"]
[WhiteElo "2392"]
[BlackElo "2053"]
[Result "1/2-1/2"]
[PlyCount "142"]
[EventDate "2007.09.02"]

1. Nf3 d5 2. g3 c6 3. Bg2 Nf6 4. O-O Bg4 5. d4 e6 6. Nbd2 Nbd7 7. Re1 Be7 8. e4
Nxe4 9. Nxe4 dxe4 10. Rxe4 Bf5 11. Re1 O-O 12. c3 h6 13. a4 Qc7 14. Bf4 Bd6 15.
Bxd6 Qxd6 16. a5 Rfd8 17. Qe2 Qc7 18. Red1 Rac8 19. Ne5 Nxe5 20. Qxe5 Bc2 21.
Re1 Bb3 22. Qc5 a6 23. Qe5 Bd5 24. Qxc7 Rxc7 25. b4 Bxg2 26. Kxg2 Rcd7 27. f4
h5 28. Kf3 g6 29. Re5 Kg7 30. h3 Rd5 31. Rae1 R8d6 32. R5e4 Rb5 33. R4e2 Kf6
34. Re5 Rbd5 35. Ke3 Kg7 36. Kd3 Rd8 37. Kc4 Rc8 38. R1e3 Kf8 39. g4 hxg4 40.
hxg4 Ke7 41. f5 gxf5 42. gxf5 Rxe5 43. Rxe5 Kd6 44. fxe6 fxe6 45. Rh5 Rd8 46.
Rh7 Rd7 47. Rxd7+ Kxd7 48. Kd3 Ke7 49. Ke4 Kd6 50. c4 Kd7 51. Ke3 Kd6 52. Kf4
Kd7 53. Kg5 Ke7 54. Kg4 Kd6 55. Kf4 Kd7 56. Ke5 Ke7 57. c5 Kd7 58. Kf6 Kd8 59.
Kxe6 Ke8 60. Kf6 Kd8 61. Kg6 Ke8 62. Kh6 Kf7 63. d5 cxd5 64. b5 Ke7 65. c6 Kd8
66. cxb7 Kc7 67. b6+ Kxb7 68. Kg5 Kc6 69. Kf4 Kd7 70. Ke5 Kc6 71. Kd4 Kd6
1/2-1/2

[Event "XLIX Festival A"]
[Site "Imperia ITA"]
[Date "2007.09.04"]
[Round "3"]
[White "Pesce, Gabriele"]
[Black "Lasanda, Michal"]
[WhiteElo "2000"]
[BlackElo "2171"]
[Result "1-0"]
[PlyCount "61"]
[EventDate "2007.09.02"]

1. e4 c5 2. Nc3 Nc6 3. f4 g6 4. Nf3 Bg7 5. Bb5 e6 6. Bxc6 dxc6 7. d3 Ne7 8. O-O
O-O 9. Qe2 a5 10. a4 b6 11. h4 Ba6 12. h5 b5 13. hxg6 hxg6 14. Ng5 b4 15. Nd1
c4 16. Ne3 cxd3 17. Qg4 d2 18. Qh3 Re8 19. Bxd2 Qxd2 20. Rad1 Qe2 21. Ng4 Nd5
22. exd5 cxd5 23. Rfe1 Qc4 24. Nf6+ Kf8 25. Ngh7+ Ke7 26. Nxd5+ Kd6 27. Nb6+
Bd4+ 28. Qe3 Kc5 29. Rxd4 Qxd4 30. Nd7+ Kd5 31. Nhf6+ 1-0

[Event "XLIX Festival A"]
[Site "Imperia ITA"]
[Date "2007.09.04"]
[Round "3"]
[White "Raineri, Valerio"]
[Black "Moncelli, Giorgio"]
[WhiteElo "2108"]
[BlackElo "2147"]
[Result "1-0"]
[PlyCount "49"]
[EventDate "2007.09.02"]

1. e4 e5 2. Nf3 Nf6 3. Nxe5 d6 4. Nf3 Nxe4 5. Nc3 Nf6 6. d4 d5 7. Bd3 Be7 8.
Bf4 c6 9. Qd2 Nbd7 10. O-O-O Nf8 11. Rde1 Ne6 12. Be5 O-O 13. Kb1 g6 14. h3 c5
15. dxc5 Nxc5 16. Qh6 Nxd3 17. cxd3 Ne8 18. Bd4 Bf6 19. Rxe8 Rxe8 20. Ng5 Be6
21. Qxh7+ Kf8 22. Bc5+ Re7 23. Re1 Ke8 24. Bxe7 Qxe7 25. Nxd5 1-0

[Event "XLIX Festival A"]
[Site "Imperia ITA"]
[Date "2007.09.04"]
[Round "3"]
[White "Scotti, Umberto"]
[Black "Mazur, Stefan"]
[WhiteElo "2199"]
[BlackElo "2070"]
[Result "0-1"]
[PlyCount "70"]
[EventDate "2007.09.02"]

1. d4 d5 2. Nf3 Nf6 3. Bf4 c5 4. e3 e6 5. Nbd2 Nc6 6. c3 Be7 7. Bd3 O-O 8. Ne5
Nd7 9. Qc2 f5 10. g4 Ncxe5 11. dxe5 c4 12. Be2 g5 13. gxf5 gxf4 14. f6 Bxf6 15.
exf6 Qxf6 16. O-O-O Ne5 17. Kb1 f3 18. Bf1 Bd7 19. Rg1+ Kh8 20. Rg3 Be8 21. Ka1
b5 22. Nb1 Bg6 23. Qd2 Bd3 24. Na3 Bxf1 25. Rxf1 Nd3 26. Nc2 e5 27. Nb4 Nxb4
28. cxb4 d4 29. Rfg1 Rad8 30. a3 e4 31. exd4 Rxd4 32. Qe3 Rd3 33. Qxa7 Rd2 34.
Rb1 c3 35. Qc5 cxb2+ 0-1

[Event "XLIX Festival A"]
[Site "Imperia ITA"]
[Date "2007.09.04"]
[Round "3"]
[White "Sulava, Nenad"]
[Black "Luciani, Carlo"]
[WhiteElo "2544"]
[BlackElo "2237"]
[Result "1-0"]
[PlyCount "81"]
[EventDate "2007.09.02"]

1. Nf3 Nf6 2. c4 g6 3. Nc3 Bg7 4. e4 d6 5. d4 O-O 6. Be3 Ng4 7. Bg5 h6 8. Bh4
Na6 9. Be2 c5 10. d5 Nc7 11. O-O Rb8 12. Qd2 a6 13. a4 Bd7 14. h3 Nf6 15. e5
dxe5 16. Nxe5 Nce8 17. Rfe1 Nd6 18. Bd3 Bf5 19. g4 Bxd3 20. Qxd3 Re8 21. Re2 h5
22. Rae1 hxg4 23. hxg4 Qc7 24. b3 Rbd8 25. Kg2 Nd7 26. f4 Nf8 27. Rh1 Qc8 28.
Kh3 Kh7 29. Reh2 f6 30. Nxg6 Nxg6 31. Bxf6 Nf5 32. Qxf5 Qxf5 33. gxf5 Bxf6 34.
fxg6+ Kxg6 35. Ne4 Kf5 36. Ng3+ Kxf4 37. Rf1+ Kg5 38. Ne4+ Kg6 39. Rg2+ Kh7 40.
Rf5 Kh6 41. Nxc5 1-0

[Event "XLIX Festival A"]
[Site "Imperia ITA"]
[Date "2007.09.04"]
[Round "3"]
[White "Van Hoolandt, Patrick"]
[Black "Schrott, Ernst"]
[WhiteElo "2246"]
[BlackElo "2103"]
[Result "1-0"]
[PlyCount "61"]
[EventDate "2007.09.02"]

1. d4 Nf6 2. c4 c5 3. d5 b5 4. cxb5 a6 5. bxa6 g6 6. Nc3 Bxa6 7. Nf3 Bg7 8. g3
d6 9. Bg2 Nbd7 10. Rb1 Nb6 11. b3 Bc8 12. Nh4 h6 13. Qc2 Bb7 14. Bb2 c4 15. b4
O-O 16. e4 e6 17. dxe6 fxe6 18. Nxg6 Re8 19. O-O d5 20. exd5 exd5 21. a4 Qc7
22. a5 Nc8 23. Nb5 Qd7 24. Nd4 Nd6 25. Nh4 Nfe4 26. Rbd1 c3 27. Bc1 Ba6 28.
Rfe1 Rf8 29. Be3 Nc4 30. Bxe4 Nxe3 31. Bh7+ 1-0

[Event "XLIX Festival A"]
[Site "Imperia ITA"]
[Date "2007.09.04"]
[Round "3"]
[White "Vrana, Frantisek"]
[Black "Barlocco, Carlo"]
[WhiteElo "2304"]
[BlackElo "2116"]
[Result "1-0"]
[PlyCount "83"]
[EventDate "2007.09.02"]

1. e4 c5 2. Nf3 d6 3. g3 g6 4. d4 cxd4 5. Nxd4 Bg7 6. Bg2 Nf6 7. Nc3 O-O 8. O-O
Nc6 9. Nde2 Bd7 10. h3 Rc8 11. Nd5 Ne5 12. a4 Nxd5 13. exd5 Qb6 14. Ra2 Bf5 15.
b3 f6 16. Be3 Qc7 17. Nd4 Bd7 18. c4 Nf7 19. Re1 Rfe8 20. Rae2 a6 21. Bd2 Kf8
22. a5 b5 23. axb6 Qxb6 24. Qa1 Ne5 25. Be3 Qb7 26. Ra2 Nd3 27. Ree2 Ra8 28.
Ra5 f5 29. Qb1 Ne5 30. Qc1 Bf6 31. Qd2 Reb8 32. Kh2 Kg8 33. f4 Nf7 34. Nc6 Bxc6
35. dxc6 Qc7 36. b4 Nd8 37. b5 axb5 38. Rxa8 Rxa8 39. cxb5 Rb8 40. Qb4 Rb6 41.
Bxb6 Qxb6 42. Qc4+ 1-0

[Event "XLIX Festival A"]
[Site "Imperia ITA"]
[Date "2007.09.04"]
[Round "3"]
[White "Zsifkovits, Robert"]
[Black "Schacher, Gerd"]
[WhiteElo "2159"]
[BlackElo "2288"]
[Result "0-1"]
[PlyCount "60"]
[EventDate "2007.09.02"]

1. e4 c5 2. Nf3 a6 3. d4 cxd4 4. Nxd4 Nf6 5. Nc3 d6 6. Be2 e5 7. Nb3 Be7 8. Bg5
Nbd7 9. a4 b6 10. O-O Bb7 11. Bf3 O-O 12. Re1 Qc7 13. Nd2 Rfe8 14. Nf1 h6 15.
Be3 Bf8 16. g4 Rac8 17. Rc1 Qb8 18. Ng3 Rc4 19. g5 hxg5 20. Bxg5 Qa8 21. Re2
Nh7 22. Bd2 g6 23. Qf1 Rec8 24. Qg2 Kh8 25. h4 Be7 26. Qh3 Ndf6 27. Kh2 Rg8 28.
Rg1 d5 29. exd5 Bc8 30. Qg2 Rxh4+ 0-1

[Event "XLIX Festival A"]
[Site "Imperia ITA"]
[Date "2007.09.05"]
[Round "4"]
[White "Birens, Eric-Andre'"]
[Black "Barlocco, Carlo"]
[WhiteElo "2025"]
[BlackElo "2116"]
[Result "0-1"]
[PlyCount "96"]
[EventDate "2007.09.02"]

1. d4 d5 2. c4 e6 3. Nc3 a6 4. e3 Nf6 5. Nf3 Be7 6. b3 O-O 7. Bd3 c5 8. Bb2 Nc6
9. O-O b6 10. Ne5 Bb7 11. Nxc6 Bxc6 12. cxd5 Nxd5 13. Nxd5 Qxd5 14. Qg4 f5 15.
Qh3 Rf6 16. e4 fxe4 17. Bc4 Qd7 18. d5 Bxd5 19. Bxd5 Qxd5 20. Bxf6 Bxf6 21.
Rae1 c4 22. bxc4 Qxc4 23. Qb3 b5 24. Qxc4 bxc4 25. Rxe4 c3 26. Rc1 Rd8 27. Kf1
Rd6 28. f4 Kf7 29. g4 g6 30. Kf2 Rd2+ 31. Re2 Rd3 32. Kg2 g5 33. Rf2 Bd4 34.
Rff1 Rd2+ 35. Kf3 gxf4 36. Kxf4 Kg6 37. h4 e5+ 38. Ke4 Rg2 39. Kf3 Rxa2 40. h5+
Kg5 41. Kg3 e4 42. Rf5+ Kh6 43. Rd5 Rd2 44. g5+ Kxh5 45. Rh1+ Kg6 46. Rh6+ Kf7
47. Rd7+ Ke8 48. Rhxh7 Be5+ 0-1

[Event "XLIX Festival A"]
[Site "Imperia ITA"]
[Date "2007.09.05"]
[Round "4"]
[White "De Santis, Alessio"]
[Black "Cugini, Verter"]
[WhiteElo "2345"]
[BlackElo "2199"]
[Result "1-0"]
[PlyCount "65"]
[EventDate "2007.09.02"]

1. d4 d6 2. Nf3 Nf6 3. c4 g6 4. Nc3 Bg7 5. e4 c5 6. d5 O-O 7. h3 Na6 8. Bd3 Nc7
9. a4 a6 10. O-O Rb8 11. Re1 Bd7 12. e5 Nfe8 13. a5 b5 14. axb6 Rxb6 15. Ra2
Qc8 16. Bg5 f6 17. exf6 exf6 18. Bf4 Bf5 19. Na4 Rb4 20. Nxc5 dxc5 21. d6 Nxd6
22. Bxd6 Rd8 23. Bxf5 Qxf5 24. b3 Bh6 25. Nd4 Rxd6 26. Nxf5 Rxd1 27. Nxh6+ Kg7
28. Rxd1 Kxh6 29. Rd7 Ne6 30. Rxa6 Nd4 31. Rxf6 Nxb3 32. Rff7 Rxc4 33. f4 1-0

[Event "XLIX Festival A"]
[Site "Imperia ITA"]
[Date "2007.09.05"]
[Round "4"]
[White "Faraci, Antonino"]
[Black "Ratti, Marco"]
[WhiteElo "2051"]
[BlackElo "1947"]
[Result "1/2-1/2"]
[PlyCount "129"]
[EventDate "2007.09.02"]

1. e4 Nf6 2. d3 d5 3. Nd2 e5 4. Ngf3 Bd6 5. Be2 O-O 6. c3 c6 7. h3 Nbd7 8. Qc2
Re8 9. Nf1 h6 10. g4 dxe4 11. dxe4 Nc5 12. Ng3 Nh7 13. Be3 Qc7 14. Nh4 Ne6 15.
Nhf5 Bf8 16. f3 Nf4 17. Kf2 g6 18. Nh4 Be6 19. Ng2 Rad8 20. Rag1 Rd7 21. Qc1
Bd6 22. h4 Red8 23. c4 Qa5 24. Nxf4 exf4 25. Bxf4 Bxf4 26. Qxf4 Qb6+ 27. Qe3
Qxb2 28. Qxh6 Bxc4 29. h5 g5 30. e5 Qxe5 31. Bxc4 Qc5+ 32. Kg2 Qxc4 33. Re1
Qxa2+ 34. Kh3 Qb2 35. Nf5 Qf6 36. Re4 Qxh6 37. Nxh6+ Kf8 38. Rhe1 c5 39. Nf5 b5
40. h6 c4 41. Ng7 Nf6 42. Re5 Rd5 43. f4 Rxe5 44. Rxe5 Rd5 45. Nf5 Rxe5 46.
fxe5 Nh7 47. Kg3 c3 48. Nd4 b4 49. Kf3 Ke8 50. Ke3 Kd7 51. Kd3 a5 52. Kc4 Nf8
53. Kb3 Ke7 54. Ka4 c2 55. Nxc2 Ke6 56. Kxa5 Kxe5 57. Kxb4 Kf4 58. Kc5 Kxg4 59.
Kd6 f5 60. Ke7 Nh7 61. Ke6 f4 62. Ke5 Kh5 63. Ke4 Kxh6 64. Nd4 Nf8 65. Nf3
1/2-1/2